| 000 | 00738cam a2200265I 4500 | ||
|---|---|---|---|
| 001 | 20088 | ||
| 003 | GBCCL | ||
| 005 | 20241126110331.0 | ||
| 008 | 720519s1953 xx 000 0 eng u | ||
| 010 | _a 53006348 | ||
| 035 | _a(OCoLC)00312598 | ||
| 040 |
_cCCL _dOCL |
||
| 049 | _aLBBK | ||
| 082 |
_a220.07 _bBLA |
||
| 090 |
_aBS 617 _b.B57 |
||
| 092 |
_a220 _bB635 |
||
| 100 | 1 |
_aBlair, Edward Payson, _d1910- _91884 |
|
| 245 | 1 | 4 |
_aThe Bible and you; _ba guide for reading the Bible in the revised standard version. |
| 260 |
_aNashville, _bAbingdon Press _c[1953] |
||
| 300 |
_a154p. _c20 cm. |
||
| 504 | _aIncludes bibliography. | ||
| 630 | 0 | 0 |
_aBible _xReading. _91885 |
| 630 | 0 | 0 |
_aBible _xStudy and teaching. _9498 |
| 942 |
_2ddc _cBK |
||
| 999 |
_c149 _d149 |
||